000 00691nam a2200253Ia 4500
003 OSt
005 20221005092032.0
006 a|||||r|||| 00| 0
007 ta
008 221004b |||||||| |||| 00| 0 eng d
020 _a0394518977 (hbk)
024 _a121238
037 _bGift, 15/09/2012,
_cTextual
040 _aCRL
_cCRL
_beng
041 _2eng
_aeng
082 _aO111,6N05:g, M0
100 _aKoestler Arthur
245 0 _aBricks to babel
260 _aNew York
_bRandom House
_c1980
300 _a697p.
_ccm.
650 _aENGLISH LITERATURE
942 _hO111,6N05:g, M0
_cTEXL
_2cc
999 _c998223
_d998223